| 000 | 00627nam a22001817a 4500 | ||
|---|---|---|---|
| 999 |
_c169307 _d169307 |
||
| 005 | 20191114142810.0 | ||
| 010 | _aENG-126897 | ||
| 020 |
_a9789386761446 _c995.00 |
||
| 035 | _aEN-110429 | ||
| 037 | _bDBAD/PUB | ||
| 082 | _a628.109 | ||
| 100 | _aJibraeil | ||
| 245 |
_aWater management system in the desert region of Rajasthan : _cby Jibraeil _bthirteenth-eighteenth centuries / |
||
| 260 |
_aNew Delhi _bAne Books _c2018 |
||
| 270 |
_a4821, Parwana Bhawan, 1st Floor, 24 Ansari Road _bDarya Ganj, New Delhi _e110002 _mkapoor@anebooks.com |
||
| 300 |
_axx;197. _c22cm(Hb) |
||
| 942 |
_2ddc _cEN _h628.109 _mJIB |
||